La autonomía de la voluntad y el pluralismo jurídico en nuestros días /

La "autonomía de la voluntad" es entendida como un instrumento de regulación de las relaciones sociales la cual implica una definición del "pluralismo" normativo y jurídico, lo que viene a acreditar nuevos espacios profesionales que antes eran ajenos al dominio del derecho, como...

Celý popis

Uloženo v:
Podrobná bibliografie
Hlavní autor: Perrin, Jean-François
Médium: Text
Témata:
Tagy: Přidat tag
Žádné tagy, Buďte první, kdo vytvoří štítek k tomuto záznamu!

MARC

LEADER 00000 a a2200000 04500
001 18342
003
040
100 |a Perrin, Jean-François  
245 |a La autonomía de la voluntad y el pluralismo jurídico en nuestros días /  |c Jean-François Perrin 
520 |a La "autonomía de la voluntad" es entendida como un instrumento de regulación de las relaciones sociales la cual implica una definición del "pluralismo" normativo y jurídico, lo que viene a acreditar nuevos espacios profesionales que antes eran ajenos al dominio del derecho, como lo son el derecho deportivo y la protección de la privacy.  
590 |a SJB/JULIO2011  
650 |a 1.DERECHO  
650 |a 2.PLURALISMO  
650 |a 3.ASPECTOS JURIDICOS  
650 |a 4.SOCIOLOGIA  
773 |g volumen 7, número 13; páginas 162-178  
999 |c 27305  |d 27305